[Event "Rheinhausen-ch"]
[Site "Rheinhausen"]
[Date "2011.03.25"]
[Round "7"]
[White "Haug, Jens"]
[Black "Hufnagel, Markus"]
[Result "1-0"]
[WhiteElo "1494"]
[BlackElo "1432"]
[PlyCount "65"]
[EventDate "2011.01.07"]
[EventType "swiss"]
[EventRounds "7"]
[EventCountry "GER"]
[SourceTitle "EXT 2015"]
[Source "ChessBase"]
[SourceDate "2014.11.20"]
[SourceVersion "1"]
[SourceVersionDate "2014.11.20"]
[SourceQuality "1"]

1. Nf3 Nf6 2. c4 g6 3. b4 Bg7 4. Bb2 d5 5. e3 Bg4 6. cxd5 Qxd5 7. Be2 Nc6 8. Nc3 Qd8 9. a3 0-0 10. Qc2 e5 11. d3 Rb8 12. Rc1 a6 13. 0-0 Bxf3 14. Bxf3 Ne7 15. Ne2 Ne8 16. d4 exd4 17. Bxd4 f6 18. Rfd1 Qc8 19. Bc5 Nd6 20. Qb3+ Kh8 21. Bxd6 cxd6 22. Rxc8 Rfxc8 23. Nd4 f5 24. Qe6 Re8 25. Qxd6 Rbd8 26. Qb6 Nd5 27. Bxd5 Rxd5 28. g3 Re7 29. Rc1 Be5 30. Nf3 Rd6 31. Qc5 b6 32. Qc8+ Kg7 33. Nxe5 1-0

[Event "Rheinhausen-ch 14th"]
[Site "Duisburg Rheinhausen"]
[Date "2010.03.26"]
[Round "7"]
[White "Schlereth, Detlev"]
[Black "Haug, Jens"]
[Result "1/2-1/2"]
[WhiteElo "1481"]
[BlackElo "1413"]
[PlyCount "27"]
[EventDate "2010.01.08"]
[EventType "swiss"]
[EventRounds "7"]
[EventCountry "GER"]
[SourceTitle "EXT 2018"]
[Source "ChessBase"]
[SourceDate "2017.10.13"]
[SourceVersion "1"]
[SourceVersionDate "2017.10.13"]
[SourceQuality "1"]

1. e4 c5 2. c3 e6 3. d4 d5 4. e5 Qb6 5. Nf3 Nc6 6. Be2 Nh6 7. b3 Nf5 8. Bb2 Bd7 9. 0-0 Be7 10. a4 a6 11. dxc5 Bxc5 12. b4 Be7 13. Re1 Bc5 14. Rf1 1/2-1/2